Statistiques concernant Gares les plus fréquentées de France (sans l'Île-de-France)

Cliquez ici pour prendre le quiz!

Statistiques générales

  • Ce quiz a été pris 298 fois
    (103 depuis la dernière actualisation)
  • Le résultat moyen est 13 sur 25

Statistiques - réponses

Nombre de PassagersGare (Ville)% Correct
14,6 MGare de Marseille Saint-Charles
91%
32,6 MGare de Lyon-Part-Dieu
90%
7,4 MGare de Lyon-Perrache
80%
21,8 MGare de Lille-Flandres
74%
17,7 MGare de Bordeaux-Saint-Jean
72%
9,9 MGare de Toulouse-Matabiau
72%
11,6 MGare de Rennes
68%
7,8 MGare de Lille-Europe
67%
13 MGare de Nantes
65%
6,4 MGare de Montpellier-Saint-Roch
54%
9,5 MGare de Nice-Ville
49%
4,7 MGare de Tours
49%
3,7 MGare de Nîmes
45%
21,5 MGare de Strasbourg-Ville
45%
7,8 MGare de Grenoble
42%
6,4 MGare de Dijon-Ville
41%
7,6 MGare de Metz-Ville
41%
8,1 MGare de Nancy-Ville
38%
5,3 MGare d'Amiens
36%
4,9 MGare du Mans
36%
5,4 MGare d'Angers-Saint-Laud
32%
6,4 MGare de Rouen-Rive-Droite
28%
5,1 MGare de Mulhouse-Ville
20%
4,1 MGare d'Arras
13%
4 MGare de Colmar
10%

Distribution des résultats

Percentile par nombre de réponses

% des personnes avec chaque résultat

Votre développement - résultats

Vous n’avez pas pris ce quiz depuis la dernière actualisation